000 01915nam a2200361 i 4500
001 196343
003 ES-MaACL
005 20251218141735.0
008 240913b2024 sp a|||| |||| 00| 0 spa d
017 _aG 257-2024
_bOficina Depósito Legal Girona
020 _a978-84-126886-6-5
040 _aES-MaACL
_bspa
_cES-MaACL
_erda
080 _a323.285(460.27)
100 1 _aSánchez Gatell, Eduardo
_9238755
_eaut
245 1 3 _aEl huevo de la serpiente :
_bel nido de ETA en Madrid /
_cEduardo Sánchez Gatell ; prólogo de Gaizka Fernández Soldevilla
250 _aPrimera edición en Betagarri Liburuak del 2024
264 1 _a[Vitoria-Gasteiz] :
_bBetagarri Liburuak,
_c[2024]
300 _a200 páginas :
_bilustraciones ;
_c22 cm
336 _2rdacontent
_atexto
337 _2rdamedia
_asin mediación
338 _2rdacarrier
_avolumen
490 0 _aColección Historia
500 _aEjemplar firmado y dedicado por el autor
500 _aÍndice
520 _aEn este libro encontrarán la perspectiva no de un historiador sino de un testigo. Es un libro de “memoria”, que no de “memorias” acerca de unos pocos años en los que, a mi juicio se concibió en Madrid el embrión de lo que luego sería ETA-militar y los cuarenta años de asesinatos que han ensombrecido nuestra recuperada democracia.
650 4 _917499
_aTerrorismo-
_zMadrid
852 _aES-MaACL
_cDEPOJ
_jN-10122
_gDedicatoria autógrafa del autor
_hDonación: Eduardo Sánchez Gatell
_xEncuadernación rústica con solapas
_9206256
852 _aES-MaACL
_cDEPO1
_jA-15864
_gDedicatoria autógrafa del autor
_hDonación: Eduardo Sánchez Gatell
_xEncuadernación rústica con solapas
_9206895
942 _cMONOGRAFIA
_n0
999 _c196343
_d196343